Исследование течений со свободной границей с помощью конформных отображений: автореферат диссертации на соискание ученой степени доктора физико-математических наук; спец. 01.02.05

Bibliografische gegevens
Hoofdauteur: Карабут Е. А. Евгений Алексеевич
Coauteur: Российская академия наук (РАН) Сибирское отделение (СО) Институт гидродинамики им. М. А. Лаврентьева (ИГиЛ)
Andere auteurs: Пухначев В. В. Владислав Васильевич (научный консультант)
Samenvatting:Защита сост. 15.09.2016 г.
Taal:Russisch
Gepubliceerd in: Новосибирск, [Б. и.], 2016
Onderwerpen:
Formaat: MixedMaterials Boek
KOHA link:https://koha.lib.tpu.ru/cgi-bin/koha/opac-detail.pl?biblionumber=322626

MARC

LEADER 00000nam0a2200000 4500
001 322626
005 20231102003506.0
035 |a (RuTPU)RU\TPU\book\348185 
090 |a 322626 
100 |a 20160930d2016 k y0rusy50 ca 
101 0 |a rus 
102 |a RU 
105 |a a dm 001zy 
200 1 |a Исследование течений со свободной границей с помощью конформных отображений  |e автореферат диссертации на соискание ученой степени доктора физико-математических наук  |e спец. 01.02.05  |f Е. А. Карабут  |g Российская академия наук (РАН), Сибирское отделение (СО), Институт гидродинамики им. М. А. Лаврентьева (ИГиЛ) ; науч. рук. В. В. Пухначев 
210 |a Новосибирск  |c [Б. и.]  |d 2016 
215 |a 33 с.  |c ил. 
300 |a Защита сост. 15.09.2016 г. 
320 |a Библиогр.: с. 32-33 (22 назв.) 
606 1 |a Гидродинамика  |x Математические методы  |2 stltpush  |3 (RuTPU)RU\TPU\subj\67339  |9 83182 
610 1 |a физика 
610 1 |a несжимаемые жидкости 
610 1 |a течение 
610 1 |a конформные отображения 
610 1 |a гравитационные волны 
610 1 |a малые возмущения 
610 1 |a нестационарные течения 
610 1 |a ускорение свободного падения 
610 1 |a авторефераты диссертаций 
675 |a 532.5:51(04)  |v 3 
686 |a 01.02.05  |2 oksvnk 
700 1 |a Карабут  |b Е. А.  |g Евгений Алексеевич 
702 1 |a Пухначев  |b В. В.  |g Владислав Васильевич  |4 695 
712 0 2 |a Российская академия наук (РАН)  |b Сибирское отделение (СО)  |b Институт гидродинамики им. М. А. Лаврентьева (ИГиЛ)  |c (Новосибирск)  |2 stltpush  |3 (RuTPU)RU\TPU\col\196 
801 1 |a RU  |b 63413507  |c 20160930 
801 2 |a RU  |b 63413507  |c 20161011  |g RCR 
942 |c BK